Para la difusión y el progreso de la ingeniería y la arquitectura.

Bibliographic Details
Main Author: Fernández Casado, Carlos.
Format: Section = Libro
Language:Undetermined
Spanish
Published: España Esteyco 1997
Subjects:
LEADER 00520nam a2200193Ia 4500
008 240829s9999 xx 000 0 und d
020 |a 84-92-1092-2-X 
040 |a BIBLIOTECA-RUSB/ 620 F363 
041 |a spa 
082 |a 620 F363 
100 1 |a Fernández Casado, Carlos. 
245 1 0 |a Para la difusión y el progreso de la ingeniería y la arquitectura. 
260 |a España  |b Esteyco  |c 1997 
300 |a 119 p. :il. 
650 7 |a INGENIERIA 
650 7 |b  ARQUITECTURA 
942 |c BK  |2 ddc 
991 |a TEXTO 
999 |c 2669